000 01237nam a2200325 a 4500
001 000032145
003 DO-SdBNP
005 20240925085246.0
007 ta
008 091127s1978 dr a 000 | spa d
040 _aDO-SdBNP
_bspa
_cBNPHU
049 _aBNPD
082 4 _a972.9302
_bM671t, 1978
_222
100 1 _aMir, Pedro,
_d1913-2000
_97245
245 1 0 _aTres leyendas de colores :
_bensayo de interpretación de las tres primeras revoluciones del nuevo mundo /
_cPedro Mir ; prólogo Rafael Altamira.
250 _a2a ed.
260 _aSanto Domingo :
_bTaller,
_c1978.
300 _a244 p. :
_bil. ;
_c23 cm.
490 1 _aBiblioteca Taller
500 _aIncluye referencias bibliográficas y notas al pie de las páginas.
600 1 4 _aROLDAN, FRANCISCO
_d1464-1502
_xLEYENDAS
_931072
600 1 4 _aENRIQUILLO
_ddd-1535
_xLEYENDAS
_931073
650 4 _aNegros
_zRepública Dominicana
_92558
651 0 _aRepública Dominicana --
_xHistoria --
_yDescubrimiento y conquista, 1492-1503
_9255
651 0 _aRepública Dominicana --
_xHistoria --
_yColonia, 1503-1844
_911397
651 4 _aHaití
_xHistoria
_y1791
_99644
700 1 _aAltamira, Rafael,
_epról.
_931074
830 0 _aBiblioteca Taller
_9164
942 _2ddc
_cLBS1
999 _c31636
_d31636